00302nam a2200121Ia 4500003000400000005001700004008004100021020001800062040002700080100001500107245003000122260002800152OSt20240312104219.0170523s9999 xx 000 0 und d a9789388709231 cIIMT UNIVERSITY MEERUT aGarg- R.P. 0aApplied Mechanics (Hindi) aBBP Publications Meerut